Longest rivers in Latvian territory - Statistics

General Stats
  • This quiz has been taken 62 times
  • The average score is 4 of 20
Answer Stats
Length km. Answer % Correct
352(1005) Daugava
98%
453 Gauja
46%
178(346) Venta
45%
119 Lielupe
43%
188 Ogre
32%
134 Abava
23%
114 Aiviekste
21%
116(191) Mēmele
21%
96 Salaca
18%
116 Rēzekne
16%
115 Malta
11%
120 Dubna
9%
136 Iecava
9%
131(159) Pededze
9%
109 Bērze
7%
119 Mazā Jugla
4%
86 Auce
2%
114 Dienvidsusēja
2%
108 Misa
2%
91 Stende
2%
No matching quizzes found
Score Distribution
Percent of People with Each Score
Percentile by Number Answered
Your Score History
You have not taken this quiz